| 000 | 00374nam a2200157Ia 4500 | ||
|---|---|---|---|
| 008 | 230711s9999||||xx |||||||||||||| ||und|| | ||
| 041 | _aENG | ||
| 082 |
_a621 _bHE-T |
||
| 100 | _aBhel,Bopal | ||
| 245 | 0 | _aTransformers | |
| 250 | _a2nd | ||
| 260 |
_c2008 _aNew Delhi _bTata McGraw Hill Education Limited |
||
| 300 | _a614 | ||
| 650 | _aElectrical Engineering | ||
| 942 | _cBK | ||
| 999 |
_c2302 _d2302 |
||